ABS systém: modelovanie a riadenie

Na minha lista:
Detalhes bibliográficos
Autor principal: Hupčík, Šimon (Author)
Outros Autores: Rosinová, Danica (Thesis advisor)
Formato: Manuscrito Livro
Idioma:eslovaco
Publicado em: Bratislava : STU v Bratislave FEI, 2021
Assuntos:
Acesso em linha:https://opac.crzp.sk/?fn=detailBiblioForm&sid=1D055279E2D1258CBE7D281E7F1A&seo=CRZP-detail-kniha
Tags: Adicionar Tag
Sem tags, seja o primeiro a adicionar uma tag!

MARC

LEADER 00000ntm a22000003a 4500
001 stuzp81862
003 SK-STU
005 20211112091339.2
007 ta
008 150427s2015----xo-----f-mn---000-0-slo-d
040 |a STU  |b slo 
041 0 |a slo 
044 |a xo 
100 1 |a Hupčík, Šimon  |u 030400  |4 aut  |U FEI Fakulta elektrotechniky a informatiky  |T FEI Ústav automobilovej mechatroniky  |X 80800  |U E400  |Y 642  |7 80800 
242 0 1 |a ABS system: modeling and control  |y eng 
245 1 0 |a ABS systém: modelovanie a riadenie 
260 |a Bratislava :  |b STU v Bratislave FEI,  |c 2021 
300 |a 75 s., príl. 
650 4 |a ABS  |2 slo 
650 4 |a fuzzy  |2 slo 
650 4 |a neuro  |2 slo 
650 4 |a sklz  |2 slo 
650 4 |a ABS  |2 eng 
650 4 |a fuzzy  |2 eng 
650 4 |a neuro  |2 eng 
650 4 |a slip  |2 eng 
700 1 |a Rosinová, Danica  |u 030400  |k Z1  |4 ths  |U FEI Fakulta elektrotechniky a informatiky  |T FEI Ústav automobilovej mechatroniky  |X 4938  |U E400  |Y 642  |7 A000004938 
856 4 |u https://opac.crzp.sk/?fn=detailBiblioForm&sid=1D055279E2D1258CBE7D281E7F1A&seo=CRZP-detail-kniha